| 000 | 00902cam a22002894a 4500 | ||
|---|---|---|---|
| 001 | 13304897 | ||
| 005 | 20160525113901.0 | ||
| 008 | 030808s2004 cou rb 001 0 eng | ||
| 010 | _a 2003060297 | ||
| 020 | _a1588262472 | ||
| 020 | _a9781588262479 | ||
| 042 | _apcc | ||
| 043 | _af-ua--- | ||
| 050 | 0 | 0 |
_aJQ3881 _b.K37 2004 |
| 082 | 0 | 0 |
_a320.962 _222 _bKAS |
| 100 | 1 |
_aKassem, Maye, _d1966- _934358 |
|
| 245 | 1 | 0 |
_aEgyptian politics : _bthe dynamics of authoritarian rule / _cMaye Kassem. |
| 260 |
_aBoulder, Colo. : _bLynne Rienner Publishers, _c2004. |
||
| 300 |
_ax, 213 p. ; _c24 cm. |
||
| 504 | _aIncludes bibliographical references (p. 195-204) and index. | ||
| 650 | 0 |
_aDemocracy _zEgypt. _923723 |
|
| 651 | 0 |
_aEgypt _xPolitics and government. _934359 |
|
| 653 |
_bPol _cNovember2013 |
||
| 655 |
_vreading book _934232 |
||
| 650 | 0 |
_911626 _aAuthoritarianism _zEgypt |
|
| 942 |
_2ddc _cBB |
||
| 999 |
_c17729 _d17701 |
||